Elenca la formazione - Quiz n°217 - Statistics

Statistiche generali
  • Questo quiz è stato fatto 75 volte
  • Il punteggio medio è 7 su 11
Statistiche sulle risposte
Ruolo Nazione Calciatore % Corretto
Attaccante Bosnia ed Erzegovina Edin Džeko
97%
Difensore Inghilterra Chris Smalling
92%
Centrocampista Italia Bryan Cristante
86%
Centrocampista Italia Lorenzo Pellegrini
86%
Centrocampista Armenia Henrikh Mkhitaryan
78%
Difensore Paesi Bassi Rick Karsdorp
67%
Portiere Italia Antonio Mirante
65%
Difensore Brasile Roger Ibañez
63%
Difensore Brasile Bruno Peres
46%
Mediano Italia Gianluca Mancini
27%
Centrocampista Spagna Pedro
11%
Nessun quiz corrispondente trovato
Distribuzione punteggi
Percentuale di utenti per punteggio
Percentile per numero di risposta
I tuoi punteggi nel tempo
Non hai fatto questo quiz